An Islam of her own : (Record no. 60880)
[ view plain ]
| 000 -الفاتح | |
|---|---|
| حقل البيانات ثابتة الطول | 01060cam a2200241 a 4500 |
| 005 - وقت وتاريخ اخر تعامل مع التسجيلة | |
| رقم الضبط | 20240530110433.0 |
| 008 - عناصر البيانات ثابتة الطول - معلومات عامة | |
| حقل البيانات ثابتة الطول | 110131s2011 ua g b 001 0 eng |
| 020 ## - الرقم الدولى المعيارى للكتب | |
| الرقم الدولى المعيارى للكتاب | 9789774164927 |
| 040 ## - مصدر الفهرسة | |
| وكالة النسخ | EG-CaGPL |
| وكالة الفهرسة الأصلية | EG-CaGPL |
| 082 04 - رقم تصنيف ديوى العشرى | |
| رقم الطبعة | 21 |
| رقم التصنيف | 297.082\ |
| رقم المادة | S I |
| 100 1# - المدخل الرئيسى - إسم شخصى | |
| الإسم الشخصى | Sherine Hafez |
| 245 13 - بيان العنوان | |
| العنوان | An Islam of her own : |
| بقية العنوان | reconsidering religion and secularism in women's Islamic movements / |
| بيان المسئوليه,etc | Sherine Hafez. |
| 260 ## - PUBLICATION, DISTRIBUTION, ETC. (IMPRINT) | |
| تاريخ النشر أو التوزيع | c2011. |
| 300 ## - الوصف المادى | |
| التعداد | xi, 191 p. ; |
| أبعاد الوعاء | 22 cm. |
| 504 ## - تبصرة ببليوجرافية | |
| تبصرة ببليوجرافية,الخ | Includes bibliographical references (p. 175-182) and index. |
| 650 #0 - المدخل الاضافى بالموضوع-مصطلح موضوعى | |
| مصطلح موضوعي | Women in Islam. |
| 650 #0 - المدخل الاضافى بالموضوع-مصطلح موضوعى | |
| مصطلح موضوعي | Feminism |
| التقسيم الفرعي الجغرافي | Islamic countries. |
| 942 ## - عناصر المدخل الإضافي( كوها) | |
| مصدر التصنيف او مخطط الترفيف | Dewey Decimal Classification |
| Koha [default] item type | كتاب |
| 260 ## - PUBLICATION, DISTRIBUTION, ETC. (IMPRINT) | |
| -- | Cairo : |
| -- | The American University in Cairo Press, |
| 505 0# - تبصرة محتويات-الفهرس | |
| تبصرة المحتويات المصاغة | Introducing desiring subjects -- Writing religion : Islam and subjectivity -- Women's Islamic movements in the making -- An Islam of her own : narratives of activism -- Desires for ideal womanhood -- Development and social change : Mehmeit -- Reconsidering women's desires in Islamic movements. |
| حالة التراجع | حالة الفقد | مصدر التصنيف او خطة الترفيف | حالة تلف | ليس للاعارة | المكان المؤقت | الموقع الحالى | تاريخ الاكتساب | اجمالي اﻻعارات | رقم الطلب | الباركود | تاريخ اخر مشاهدة | تاريخ تفعيل السعر | نوع وعاء كوها |
|---|---|---|---|---|---|---|---|---|---|---|---|---|---|
| ddc | مكتبة القاهرة الكبرى | مكتبة القاهرة الكبرى | 04/02/2015 | 297.082 \S I | 160058 | 04/02/2015 | 04/02/2015 | كتاب |

